000
00376nam a2200169Ia 4500
008
240830s1913 xx 000 0 und d
041
_a
mar
082
_a
1
100
_a
PADHE
245
_a
SART SHRICARAK SAMHITA-14
250
_a
1
260
_a
SANGAI
_b
N.D.
_c
1913
300
_a
100p
440
_v
IV
906
_a
SART SHRICARAK SAMHITA-14
999
_c
1183947
_d
1183947